Tilastot visalle Sanat - "Mä joka päivä töitä teen" - Matti ja Teppo

Klikkaa tästä pelataksesi tätä visaa!

Yleistilastot

  • Tätä visaa on pelattu 196 kertaa
  • Keskiarvotulos 126 / 190

Vastaustilastot

Sanat% Oikein
joka
100%
Joka
100%
100%
100%
päivä
100%
teen
99%
töitä
99%
aamu
96%
ainoa
96%
me
96%
meen
96%
seitsemäksi
96%
siksi
85%
vain
85%
kaiken
84%
olla
84%
Olla
84%
Sen
84%
ja
83%
83%
kulta
79%
mun
79%
oman
79%
omanain
77%
jaksat
71%
Koska
61%
Kun
52%
kun
52%
oli
47%
olin
41%
nuori
39%
Ajat
36%
kullan
36%
Minä
33%
huonot
31%
mentiin
31%
nuppu
31%
nähnyt
30%
yhteen
30%
monenlaista
29%
vielä
29%
on
28%
tässä
28%
aikamies
27%
Olit
27%
pikku
27%
alla
26%
auta
26%
käynyt
26%
koulut
26%
Monet
26%
sekä
26%
katon
25%
nälkä
25%
eihän
24%
kovat
24%
maailmalla
24%
Mietin
24%
niin
24%
riittää
24%
tekevälle
24%
vilu
24%
ihanaa
21%
kyllä
21%
haaveet
19%
hautaa
19%
päästiin
18%
alkuun
17%
ettei
17%
päivin
17%
riitti
17%
Fiksummankin
16%
hukkaan
16%
Mukavasti
16%
öin
16%
sanot
16%
Tiesin
16%
mennyt
15%
mulle
15%
horjui
14%
Lukuhommat
14%
nuoruuteni
14%
uskoni
14%
Autoit
13%
Tiedän
13%
Joskus
11%
tiukkaa
8%
Matkatöissä
7%
muo
6%

Tulosjakauma

Persentiili vastausten määrän mukaan

Jokaisen tuloksen saaneiden osuus

Tuloshistoriasi

Et ole pelannut tätä visaa